| 000 | 00622nam a22002177a 4500 | ||
|---|---|---|---|
| 005 | 20170124110049.0 | ||
| 010 | _a100560 | ||
| 020 | _c00.00 | ||
| 035 | _a100560 | ||
| 037 | _bCen Lib/Ret | ||
| 040 |
_aDPL _bEN |
||
| 082 |
_a616.303 _bELL |
||
| 100 |
_aEllis, Rhoda _924980 |
||
| 245 |
_aA dictionary of dietetics / _cby Rhoda Ellis |
||
| 260 |
_bPhilosophical Library _c1956 _aNew York |
||
| 270 |
_a15East 40th Street _bNew York |
||
| 300 |
_a152p. : _c20cm(Hb) _bill. |
||
| 650 |
_aFood -- Dictionaries _924981 |
||
| 650 |
_aDietetics -- Dictionaries _924982 |
||
| 942 |
_2ddc _cEN _h616.303 _mELL |
||
| 999 |
_c128972 _d128972 |
||